000 00602nam a2200205Ia 4500
008 160803s9999 xx 000 0 und d
020 _a0 439228085
100 _aSturges, Philemon
245 4 _aThe Little Red Hen makes a pizza/
245 _cretold by Philemon Sturges ; illustrated by Amy Walrod.
260 _aNew York :
260 _bScholastic Inc.
260 _c1999
300 _a28 unnumbered pages :
300 _bcolor illustrations ;
300 _c23 cm
500 _aOriginally published: New York : Dutton Children's Books, c1999.
650 _aFolklore.
700 _a320
999 _c299381
_d299381